[Event "2nd Invitational"]
[Site "Saint Louis USA"]
[Date "2012.04.11"]
[Round "4"]
[White "Brooks,M"]
[Black "Young,An"]
[Result "1-0"]
[WhiteElo "2456"]
[BlackElo "2321"]

1.e4 c5 2.Nc3 e6 3.Nf3 Nc6 4.d4 cxd4 5.Nxd4 Qc7 6.Be2 a6 7.Be3 b5 8.O-O Nf6
9.Nxc6 dxc6 10.f4 Bb4 11.e5 Bxc3 12.bxc3 Nd5 13.Bc5 Nxc3 14.Qd3 Nd5 15.Qg3 g6
16.c4 bxc4 17.Bxc4 a5 18.Rab1 Ba6 19.Bxa6 Rxa6 20.Rf2 Ra8 21.Rfb2 a4 22.Rb7 Qa5
23.Bd6 Rd8 24.f5 Qd2 25.fxe6 fxe6 26.Qf3 Qe3+ 27.Qxe3 Nxe3 28.Re7+ Kf8 29.Rd7+ Ke8
30.Rxd8+  1-0

[Event "19th TCh-RUS 2012"]
[Site "Sochi RUS"]
[Date "2012.04.11"]
[Round "3"]
[White "Popov,Iv RUS"]
[Black "Timofeev,Arty"]
[Result "0-1"]
[WhiteElo "2605"]
[BlackElo "2650"]

1.e4 c5 2.Nf3 e6 3.d4 cxd4 4.Nxd4 Nc6 5.Nc3 Qc7 6.Be3 Nf6 7.Ndb5 Qb8 8.f4 d6
9.a4 Be7 10.Be2 O-O 11.O-O Bd7 12.Bf3 Rc8 13.g4 Be8 14.g5 Nd7 15.Bg4 a6 16.Nd4 Nxd4
17.Bxd4 Rc4 18.b3 Rc6 19.h4 Qc7 20.Rf3 Ne5 21.Rg3 Ng6 22.Qf1 d5 23.exd5 Bc5
24.Bxc5 Rxc5 25.Ne2 Rxd5 26.h5 Ne7 27.c4 Rd2 28.Qf2 Qa5 29.h6 Rad8 30.hxg7 Bc6
31.Rh3 Nf5 32.Rf1 Be4 33.Kh2 Rb2 34.Bxf5 Qxf5 35.Re3 Rd3 36.Re1 Qg4 37.Qg3 Qxg3+
38.Rxg3 Rdd2  0-1

[Event "2nd Invitational"]
[Site "Saint Louis USA"]
[Date "2012.04.12"]
[Round "7"]
[White "Young,An"]
[Black "Sevillano,E"]
[Result "0-1"]
[WhiteElo "2321"]
[BlackElo "2502"]

1.e4 c5 2.Nc3 Nc6 3.Nf3 e6 4.d4 cxd4 5.Nxd4 Nf6 6.Ndb5 d6 7.Bf4 e5 8.Bg5 a6
9.Na3 b5 10.Nd5 Be7 11.Bxf6 Bxf6 12.c4 Bg5 13.cxb5 Nd4 14.Nc2 Bg4 15.Qd3 Rc8
16.Nxd4 Qa5+ 17.b4 Qxa2 18.Nb3 Qxa1+  0-1

[Event "Karposh Open 2012"]
[Site "Skopje MKD"]
[Date "2012.04.12"]
[Round "7.24"]
[White "Pancevski,F"]
[Black "Andonovski,L"]
[Result "1-0"]
[WhiteElo "2470"]
[BlackElo "2291"]

1.e4 c5 2.Nf3 e6 3.d4 cxd4 4.Nxd4 Nc6 5.Nc3 Qc7 6.Be3 Nf6 7.f4 Bb4 8.Nb5 Qa5
9.e5 Nd5 10.Bd2 Nxc3 11.Bxc3 Bxc3+ 12.Nxc3 O-O 13.Qd2 f6 14.exf6 Rxf6 15.O-O-O d5
16.g3 Bd7 17.Kb1 Be8 18.h4 Bg6 19.Bd3 Bxd3 20.Qxd3 Rc8 21.Rhe1 Nb4 22.Qd2 Rc4
23.a3 Nc6 24.f5 Rd4 25.Qe2 exf5 26.Qe8+ Rf8 27.Qe6+ Kh8 28.Rxd4 Nxd4 29.Qf7 Qd8
30.Qxb7 f4 31.gxf4 Qxh4 32.Rg1 Rg8 33.Nxd5 Qf2 34.Rc1 Ne2 35.Rh1 Nd4 36.c3 Qc2+
37.Ka2 Ne2 38.Ka1 h6 39.Nb4 Qd2 40.f5 Rf8 41.f6 Rg8 42.Qf7  1-0

[Event "13th TCh-RUS w 2012"]
[Site "Sochi RUS"]
[Date "2012.04.12"]
[Round "4"]
[White "Severiukhina,Z"]
[Black "Timofeeva,Ekaterina"]
[Result "1/2-1/2"]
[WhiteElo "2261"]
[BlackElo "2268"]

1.e4 c5 2.Nf3 e6 3.d4 cxd4 4.Nxd4 Nc6 5.Nc3 Qc7 6.Be3 Nf6 7.f4 Bb4 8.Nb5 Qa5
9.e5 Ne4 10.Qd3 Nxc3 11.bxc3 Be7 12.Be2 O-O 13.O-O f6 14.exf6 Bxf6 15.Bc5 Rd8
16.Qe3 b6 17.Bd6 a6 18.a4 axb5 19.axb5 Qxa1 20.Rxa1 Rxa1+ 21.Kf2 Ne7 22.Bf3 Nd5
23.Bxd5 exd5 24.Bc7 Rf8 25.Bd6 Ra2 26.Qd3 Bb7 27.Bxf8 Kxf8 28.Qxh7 Bxc3 29.Qh8+ Ke7
30.Qb8 Bd4+ 31.Ke2 Ba8 32.Kd3 Bf6 33.g4 Ra3+ 34.Kd2 Bc3+ 35.Ke2 Bd4 36.h4 Bc5
37.Qe5+ Kf8 38.Qf5+ Ke8 39.Qe5+ Kf7 40.Qf5+ Ke7 41.Qg5+ Kf7 42.Qh5+ Kf8 43.Qh8+ Kf7
44.Qh5+ Kf8 45.Qh8+ Kf7 46.Qh5+  1/2-1/2

[Event "Sydney International Open"]
[Site "Parramatta AUS"]
[Date "2012.04.13"]
[Round "6.3"]
[White "Lane,G"]
[Black "Horvath,Ad1"]
[Result "1/2-1/2"]
[WhiteElo "2368"]
[BlackElo "2487"]

1.e4 c5 2.Nf3 e6 3.d4 cxd4 4.Nxd4 Nc6 5.Nc3 Qc7 6.f4 a6 7.Nxc6 Qxc6 8.Bd3 b5
9.Qe2 Bb7 10.Bd2 Bc5 11.O-O-O Ne7 12.a3 b4 13.axb4 Bxb4 14.Kb1 Rb8 15.Rhe1 Qb6
16.b3 Bc6 17.Na2 Bxd2 18.Rxd2 O-O 19.g4 a5 20.f5 Qc5 21.Qf2 Qe5 22.Qg3 Qc5
23.Qf2 Qa3 24.Qd4 Ba8 25.Qb2 Qc5 26.Qc3 Qa3 27.Qb2 Qc5 28.Qc3 Qb6 29.f6 Rfc8
30.Bc4 Ng6 31.Rxd7 Rxc4 32.Qxc4 Ne5 33.Qd4 Nxd7 34.Qxd7 Qf2 35.Rd1 Qxf6 36.Nc3 h6
37.Qc7 Rf8 38.Qxa5 Kh7 39.Qc5 Re8 40.Rd7 Qf4 41.Qc7 Qxc7 42.Rxc7 Kg6 43.Kc1 Rf8
44.b4 Kg5 45.b5 Kxg4 46.b6 Kh3 47.b7 Bxb7 48.Rxb7 Kxh2 49.Kd2 g5 50.Ne2 h5
51.Ke3 h4 52.Rb1 g4 53.Rg1 f5 54.exf5 exf5 55.Kf2 Re8 56.Rg2+ Kh1 57.Rg1+ Kh2
58.Rg2+ Kh1  1/2-1/2

[Event "Karposh Open 2012"]
[Site "Skopje MKD"]
[Date "2012.04.13"]
[Round "8.37"]
[White "Dorfanis,I"]
[Black "Andonovski,L"]
[Result "1/2-1/2"]
[WhiteElo "2183"]
[BlackElo "2291"]

1.e4 c5 2.Nf3 e6 3.d4 cxd4 4.Nxd4 Nc6 5.Nc3 Qc7 6.Be3 Nf6 7.f4 Nxd4 8.Qxd4 Ng4
9.Nb5 Qc6 10.Bg1 a6 11.Nc3 b5 12.h3 Nh6 13.a3 Bb7 14.O-O-O f6 15.Be2 Nf7
16.Bh5 Rd8 17.f5 Be7 18.Nd5 Rc8 19.Nc3 Rd8 20.Nd5 Rc8 21.Nc3 Rd8 22.Nd5 Rc8
23.Nc3 Rd8  1/2-1/2

[Event "Karposh Open 2012"]
[Site "Skopje MKD"]
[Date "2012.04.13"]
[Round "8.38"]
[White "Simjanovski,S"]
[Black "Andrejic,V"]
[Result "1/2-1/2"]
[WhiteElo "2288"]
[BlackElo "2164"]

1.e4 c5 2.Nf3 e6 3.d4 cxd4 4.Nxd4 Nc6 5.Nc3 Qc7 6.g3 a6 7.Bg2 Nf6 8.O-O Nxd4
9.Qxd4 Bc5 10.Qd1 O-O 11.Bf4 d6 12.Na4 e5 13.Bg5 Nd7 14.Nxc5 Nxc5 15.Qd2 h6
16.Be3 b5 17.Rad1 Rd8 18.b4 Na4 19.f4 Bb7 20.Qf2 f6 21.Rd2 Qc4 22.fxe5 fxe5
23.Bxh6 Rf8 24.Qe3 Rxf1+ 25.Bxf1 Qxe4 26.Qxe4 Bxe4 27.Bg5 d5 28.Bh3 Nc3 29.Be7 Re8
30.Bd6 Kf7 31.Bd7 Rd8 32.Bxe5 Nxa2 33.Rf2+ Kg6 34.Be6 Nxb4 35.Rf4 Nc6 36.Bf7+ Kh6
37.Rh4+ Kg5 38.Bxg7 Bg6 39.Bh6+ Kf6 40.Rf4+ Bf5 41.Bh5 Rh8 42.Bg4 Ne7 43.Bxf5 Nxf5
44.g4 Rxh6 45.Rxf5+ Ke6 46.Rf8 Rg6 47.h3 d4 48.Kg2 Kd5 49.Kf3 a5 50.Ra8 a4
51.h4 Rf6+ 52.Kg3 Rf7 53.h5 Ke5 54.Rb8 Ra7 55.Rxb5+ Kf6 56.g5+ Kg7 57.Kf4 a3
58.Rb1 Ra5 59.h6+ Kg6 60.Ke4 Ra4 61.Kd5 Kh7 62.Kc5 Kg6 63.Kb5 Ra7  1/2-1/2

[Event "19th TCh-RUS 2012"]
[Site "Sochi RUS"]
[Date "2012.04.13"]
[Round "5"]
[White "Sitnikov,D"]
[Black "Timofeev,Arty"]
[Result "1-0"]
[WhiteElo "2500"]
[BlackElo "2650"]

1.e4 c5 2.Nf3 e6 3.d4 cxd4 4.Nxd4 Nc6 5.Nc3 Qc7 6.g3 d6 7.Bg2 Bd7 8.O-O a6
9.Re1 Be7 10.a4 Nf6 11.Nxc6 Bxc6 12.a5 O-O 13.Be3 Nd7 14.Na4 Nc5 15.Nxc5 dxc5
16.Bf4 e5 17.Be3 Bb5 18.Qd2 c4 19.Bb6 Qc6 20.Rad1 Bc5 21.Bxc5 Qxc5 22.Qd6 Rac8
23.Bh3 Qxd6 24.Rxd6 Rc7 25.c3 Ba4 26.Re2 Bc6 27.f3 Rb8 28.Red2 Kf8 29.Kf2 Ke7
30.Ke3 Be8 31.f4 Rc5 32.R6d5 exf4+ 33.gxf4 Rxd5 34.exd5 Bd7 35.Bf1 Rc8 36.Kd4 Bb5
37.Rg2 g6 38.Rf2 Kd6 39.f5 Rc5 40.Bg2 g5 41.f6 Bd7 42.Re2 Rxa5 43.Re7 Ra2
44.Rxf7 Rxb2 45.Be4 Rxh2 46.Rg7 Rf2 47.f7 g4 48.Bxh7 a5 49.Bg6 a4 50.Rg8 g3
51.Ke3 a3 52.f8=Q+ Rxf8 53.Rxf8 g2 54.Kf2 Ba4 55.Kxg2 a2 56.Rf1 Kxd5 57.Kf2 Kc5
58.Ke3 Bb3 59.Kd2 b5 60.Ra1 b4 61.Be8 Kd5 62.cxb4 Kd4 63.Bb5 c3+ 64.Kc1 Ke3
65.Bf1 Kd4 66.Be2 Be6 67.b5  1-0

[Event "Schachbundesliga 2011-12"]
[Site "Muelheim GER"]
[Date "2012.04.14"]
[Round "14"]
[White "Litwak,A"]
[Black "Andersen,Mad"]
[Result "1/2-1/2"]
[WhiteElo "2276"]
[BlackElo "2398"]

1.e4 c5 2.Nf3 e6 3.d4 cxd4 4.Nxd4 Nc6 5.Nc3 Qc7 6.Be2 a6 7.O-O Nf6 8.Be3 Bb4
9.Na4 Be7 10.Nxc6 bxc6 11.Nb6 Rb8 12.Nxc8 Qxc8 13.Bd4 Qc7 14.e5 Nd5 15.c4 Nf4
16.g3 c5 17.Bc3 Nh3+ 18.Kg2 Ng5 19.Bd3 Qc6+ 20.f3 f6 21.h4 Nf7 22.Be4 Qc7
23.f4 f5 24.Bf3 O-O 25.Qe2 Rfe8 26.Rfe1 d6 27.exd6 Bxd6 28.Rad1 Re7 29.Rd3 Rbe8
30.Re3 e5 31.fxe5 Nxe5 32.Bd5+ Kh8 33.Qh5 Rf8 34.Qe2 Rfe8 35.Qh5 Rf8 36.Qe2 Rfe8  1/2-1/2

[Event "Karposh Open 2012"]
[Site "Skopje MKD"]
[Date "2012.04.14"]
[Round "9.7"]
[White "Emiroglu,C"]
[Black "Mastrovasilis,D"]
[Result "1/2-1/2"]
[WhiteElo "2214"]
[BlackElo "2631"]

1.e4 c5 2.Nf3 e6 3.d4 cxd4 4.Nxd4 Nc6 5.Nc3 Qc7 6.Be3 a6 7.Bd3 Nf6 8.O-O Ne5
9.h3 Bc5 10.Kh1 d6 11.f4 Ng6 12.Qe1 O-O 13.f5 Ne5 14.Qg3 Bd7 15.Nce2 exf5
16.exf5 Kh8 17.Bg5 Rae8 18.Qh4 Qd8 19.Ng3 Nxd3 20.cxd3 h6 21.Rf4 Kh7 22.Nh5 Nxh5
23.Bxd8 Nxf4 24.Be7 Rg8 25.Nf3 f6 26.d4 Rxe7 27.dxc5 Re4 28.Nd2 Rd4 29.Nb3 Re4
30.Nd2 Rd4 31.Nf3 Re4 32.cxd6 Bc6 33.Re1 Nxg2 34.Qxe4 Nxe1 35.Qxe1 Bxf3+
36.Kg1 Bc6 37.Kf2 Re8 38.Qe6 Kh8 39.b4 Kh7 40.a3 Kh8 41.Qf7 Rd8 42.Qe7 Rd7
43.Qf8+ Kh7 44.Ke3 Ba4 45.h4 Bc2 46.Kf4 Bd3 47.Qb8 Bb5 48.Ke3 Bc6 49.Qf8 Bb5
50.Kd4 Ba4 51.Kd5 Bb3+ 52.Ke4 Ba4 53.Qb8 Bc6+ 54.Kd4 Ba4 55.Ke3 Bb5 56.Kf4 Bc6
57.Ke3 Bb5 58.a4 Bxa4 59.Qe8 Bc6 60.Qe6 Bb5 61.Kd4 Bc6 62.Kc5 Bb5 63.Kb6 Bc6
64.Ka7 Rd8 65.Kb6 Rd7 66.Kc5 Bb5 67.Qe3 Bc6 68.Qd4 Rd8 69.Kb6 Rd7 70.Ka7 Rd8
71.Qc5 Kh8 72.Kb6 Rd7 73.Qd4 Kh7 74.Kc5 Rd8 75.Qe3 Rd7 76.Qe6 Bb5 77.Qe4 Ba4
78.Qe3 Bc6 79.Qg3 Rd8 80.Qg6+ Kg8 81.Qg3 Kh7 82.Qe1 Rd7 83.Qe3 Rd8 84.Qe1 Rd7
85.Qe8 Ba4 86.Qc8 Bc6 87.h5 Ba4 88.Kd5 Bb3+ 89.Kc5 Ba4 90.b5 Bxb5 91.Kd5 a5
92.Ke6 a4 93.Qc5 Bc6 94.Qa5 Kg8 95.Qa8+ Kh7 96.Qc8 Bb5 97.Qa8 Bc6 98.Qa5 Kg8
99.Qa8+ Kh7  1/2-1/2

[Event "34th ch-ITA Seniors 2012"]
[Site "Arvier ITA"]
[Date "2012.04.15"]
[Round "2.3"]
[White "Colombo,P"]
[Black "Pipitone,A"]
[Result "1-0"]
[WhiteElo "2119"]
[BlackElo "1941"]

1.e4 c5 2.Nf3 Nc6 3.Nc3 e6 4.d4 cxd4 5.Nxd4 a6 6.Be2 Bb4 7.O-O Nf6 8.Nxc6 bxc6
9.e5 Bxc3 10.bxc3 Nd5 11.Qd4 O-O 12.c4 Ne7 13.Bd3 Ng6 14.Ba3 Re8 15.Rfe1 Qg5
16.Bc1 Qe7 17.Re3 c5 18.Qe4 Rb8 19.Rh3 Bb7 20.Qg4 f5 21.Qh5 Nf8 22.Bg5 Qf7
23.Qh4 Qg6 24.f3 h6 25.Be7 Rbc8 26.Rb1 Bc6 27.Bd6 Ba8 28.Qf2 Qg5 29.Rg3 Qh5
30.Bxc5 g5 31.Rh3 Qg6 32.Qd4 Qg7 33.g3 Bxf3 34.Bd6 Ng6 35.c5 Nf4 36.gxf4 gxf4+
37.Kf2 Qg2+ 38.Ke1 Qxh3 39.Qxf4  1-0

[Event "12th BCC Open"]
[Site "Bangkok THA"]
[Date "2012.04.15"]
[Round "5"]
[White "Wan Yunguo"]
[Black "Hou Yifan"]
[Result "1/2-1/2"]
[WhiteElo "2441"]
[BlackElo "2639"]

1.e4 c5 2.Nf3 e6 3.d4 cxd4 4.Nxd4 Nc6 5.Nc3 d6 6.Bc4 Nf6 7.Bb3 a6 8.Be3 Qc7
9.f4 Na5 10.g4 Nc4 11.Bxc4 Qxc4 12.Qf3 Nd7 13.O-O-O b5 14.e5 Rb8 15.Qc6 Qxc6
16.Nxc6 Ra8 17.Rhf1 dxe5 18.Nxe5 Nxe5 19.fxe5 Bb7 20.Rf4 Be7 21.Ne4 Bxe4
22.Rxe4 Rd8 23.Rxd8+ Kxd8 24.g5 Kd7 25.c4 Rb8 26.Rf4 Ke8 27.h4 bxc4 28.Rxc4 Rb5
29.Bd4 h6 30.gxh6 gxh6 31.Bc3 h5 32.Kd2 Kf8 33.Ra4 Rb6 34.Rc4 Kg7 35.a4 Kg6
36.Ke3 Kf5 37.Rf4+ Kg6 38.Rd4 Kf5 39.Rf4+  1/2-1/2

[Event "TCh-SUI National A 2012"]
[Site "Switzerland SUI"]
[Date "2012.04.15"]
[Round "2.1"]
[White "Istratescu,A"]
[Black "Moor,R"]
[Result "1-0"]
[WhiteElo "2633"]
[BlackElo "2389"]

1.e4 c5 2.Nf3 Nc6 3.d4 cxd4 4.Nxd4 e6 5.Nc3 Qc7 6.f4 a6 7.Be2 Nxd4 8.Qxd4 Ne7
9.Be3 Nc6 10.Qb6 Qb8 11.O-O-O Be7 12.Na4 Bd8 13.Qc5 b5 14.Nb6 Bxb6 15.Qxb6 Qxb6
16.Bxb6 Bb7 17.Rhe1 Ne7 18.Bf1 f6 19.g3 Bc6 20.Bc5 Kf7 21.b3 Rhg8 22.h4 Rac8
23.Bd6 g6 24.g4 Rce8 25.Bd3 Nc8 26.Bb4 Ne7 27.Kb2 d5 28.e5 f5 29.g5 h6 30.Rg1 Rh8
31.Be1 Rd8 32.Be2 h5 33.Rg3 Ra8 34.Bb4 Rhc8 35.Rc3 Bd7 36.Rdd3 Nc6 37.Bd6 Na5
38.Rxc8 Rxc8 39.Rc3 Nc6 40.a4 Nd4 41.Rxc8 Bxc8 42.Bd1 bxa4 43.bxa4 Nc6 44.Bc7 Bb7
45.Bb6 Ke7 46.c4 Kd7 47.Kc3 Ne7 48.Bc5 Nc6 49.Bb4 a5 50.Bd6 Nd8 51.Bc5 Bc6
52.Bb6 Nb7 53.c5 Kc8 54.Kb3  1-0

[Event "TCh-SUI National A 2012"]
[Site "Switzerland SUI"]
[Date "2012.04.15"]
[Round "2.3"]
[White "Volke,K"]
[Black "Vezzosi,P"]
[Result "1/2-1/2"]
[WhiteElo "2455"]
[BlackElo "2286"]

1.d4 e6 2.Nf3 c5 3.e4 cxd4 4.Nxd4 Nc6 5.Nc3 Qc7 6.Be3 Nf6 7.Be2 Be7 8.f4 d6
9.O-O Bd7 10.Qe1 O-O 11.Qg3 Nxd4 12.Bxd4 Bc6 13.Bd3 g6 14.f5 e5 15.Be3 Kh8
16.fxg6 fxg6 17.Kh1 Nh5 18.Qg4 Rxf1+ 19.Rxf1 Rf8 20.Rxf8+ Bxf8 21.Qf3 Bg7
22.Nd5 Bxd5 23.exd5 Nf6 24.Bg5 Qf7 25.c4 Kg8 26.Qf2 Ng4 27.Qxf7+ Kxf7 28.Be2 Bh6
29.Bh4 Ne3 30.Bf2 b6 31.b3 Nc2 32.Bd3 Ne3 33.Be1 Ng4 34.Be2 Nf6 35.g3 Be3
36.Kg2 Bd4 37.Bd3 a5 38.Kf3 h5 39.h3 Nd7 40.Bc2 Nf6 41.Bd2 Kg7 42.Bd3 Kf7
43.Bc2 Kg7 44.g4 hxg4+ 45.hxg4 Nh7 46.a3 Kf6 47.b4 axb4 48.axb4 Ng5+ 49.Kg2 Nf7
50.Be1 Kg7 51.Ba4 e4 52.Bc2 Ne5 53.Bxe4 Nxc4 54.Bd3 Ne5 55.Be2 Kf6 56.Bh4+ g5
57.Bg3  1/2-1/2

[Event "34th ch-ITA Seniors 2012"]
[Site "Arvier ITA"]
[Date "2012.04.17"]
[Round "4.18"]
[White "Cova,Ennio"]
[Black "Bogatto,M"]
[Result "1-0"]
[WhiteElo "1700"]
[BlackElo "1421"]

1.e4 c5 2.Nf3 Nc6 3.d4 cxd4 4.Nxd4 e6 5.Nc3 a6 6.g3 Nxd4 7.Qxd4 d6 8.Bg2 Nf6
9.O-O e5 10.Qd3 h6 11.h3 Be7 12.Be3 O-O 13.Rfd1 Qd7 14.Nd5 Nxd5 15.Qxd5 Qc6
16.Qd2 Bf6 17.Qxd6 Qxd6 18.Rxd6 Be6 19.b3 Rac8 20.c4 Be7 21.Rd3 Rc6 22.Rad1 g5
23.g4 f6 24.Bf3 Kg7 25.Kg2 Bd8 26.Be2 Bb6 27.Bxb6 Rxb6  1-0

[Event "ch-ISL 2012"]
[Site "Kopavogur ISL"]
[Date "2012.04.17"]
[Round "5"]
[White "Bjornsson,Si"]
[Black "Kristjansson,St"]
[Result "0-1"]
[WhiteElo "2393"]
[BlackElo "2500"]

1.e4 c5 2.Nf3 e6 3.d4 cxd4 4.Nxd4 Nc6 5.Nc3 Qc7 6.Be3 a6 7.f4 b5 8.Qf3 Bb7
9.Bd3 Nf6 10.O-O-O b4 11.Nce2 h5 12.h3 h4 13.g4 hxg3 14.Nxg3 Bc5 15.Nb3 Bxe3+
16.Qxe3 d6 17.Kb1 Kf8 18.e5 dxe5 19.f5 Nd4 20.Rhf1 Rxh3 21.fxe6 Nxe6 22.Bf5 Rh2
23.Rd2 Rxd2 24.Qxd2 Nf4 25.Qxb4+ Kg8 26.Nc5 Bg2 27.Re1 a5 28.Qa3 g6 29.Nce4 N6d5
30.Bg4 Rb8 31.Bf3 f5 32.Ng5 Bxf3 33.Qxf3 e4 34.N3xe4 fxe4 35.Nxe4 Qe5 36.c3 Kg7
37.Rd1 Qxe4+  0-1

[Event "Russian Juniors 2012"]
[Site "Sochi RUS"]
[Date "2012.04.17"]
[Round "1"]
[White "Oparin,G"]
[Black "Predke,A"]
[Result "1-0"]
[WhiteElo "2487"]
[BlackElo "2461"]

1.e4 c5 2.Nf3 e6 3.d4 cxd4 4.Nxd4 Nc6 5.Nc3 Qc7 6.Be2 a6 7.O-O Nf6 8.Be3 Be7
9.f4 d6 10.Kh1 O-O 11.Qe1 Nxd4 12.Bxd4 b5 13.a3 Bb7 14.Qg3 Rad8 15.Rae1 Rd7
16.Bd3 g6 17.Qh3 Re8 18.f5 e5 19.Be3 Bd8 20.Bg5 Nh5 21.f6 d5 22.Be2 h6 23.Bxh5 hxg5
24.exd5 Bxd5 25.Nxd5 Rxd5 26.Bxg6  1-0

[Event "TCh-AUT 1st Bundesliga 2012"]
[Site "Jenbach AUT"]
[Date "2012.04.19"]
[Round "8.4"]
[White "Atlas,V"]
[Black "Gostisa,L"]
[Result "1/2-1/2"]
[WhiteElo "2413"]
[BlackElo "2420"]

1.e4 c5 2.Nf3 Nc6 3.Nc3 e6 4.d4 cxd4 5.Nxd4 Qc7 6.g3 a6 7.Bg2 Nf6 8.Be3 Be7
9.a4 d6 10.O-O O-O 11.Qe2 Nxd4 12.Bxd4 e5 13.Be3 Bg4 14.Qd3 Rac8 15.a5 Be6
16.Rfc1 Qd7 17.Na4 Bd8 18.Bb6 Qc6 19.Bxd8 Rcxd8 20.Nb6 Nd7 21.Nd5 Bxd5 22.Qxd5 Qxd5
23.exd5 f5 24.f3 Rc8 25.c4 Rc7 26.Rc3 Nf6 27.Rac1 Rfc8 28.Bh3 g6 29.g4 fxg4
30.Bxg4 Nxg4 31.fxg4 Rf8 32.c5 dxc5 33.Rxc5 Rd7 34.Rc7 Rff7 35.d6 Rxd6 36.Rxf7 Kxf7
37.Rc7+ Kf6 38.Rxb7 Kg5 39.Rb6 Rd2 40.b4 Rb2 41.h3 Kf4 42.Rxa6 Kg3 43.Kf1 Rxb4
44.Re6 Kxh3 45.g5 e4 46.Re7 Kg4 47.Rxh7 Ra4 48.Ra7 Kxg5 49.Ke2 Ra3 50.a6 Kf4
51.Rf7+ Kg3 52.a7 g5 53.Rb7 Kf4 54.Rf7+ Ke5 55.Re7+ Kf5 56.Rf7+ Ke6 57.Rb7 g4
58.Kf2 Kf6 59.Rc7 e3+ 60.Kg3 e2+ 61.Kf2 Re3 62.Ke1 Re8 63.Rc2 g3 64.Rxe2 g2
65.Kf2 Rxe2+ 66.Kxe2  1/2-1/2

[Event "IV ch-IberoAmerican Final GpC"]
[Site "Quito ECU"]
[Date "2012.04.20"]
[Round "3.2"]
[White "Prasca Sosa,R"]
[Black "Ferreira,Jor1"]
[Result "1/2-1/2"]
[WhiteElo "2420"]
[BlackElo "2339"]

1.e4 c5 2.Nf3 Nc6 3.d4 cxd4 4.Nxd4 e6 5.Nc3 d6 6.g3 Nf6 7.Bg2 Bd7 8.O-O Be7
9.Nxc6 Bxc6 10.Re1 O-O 11.a4 a6 12.Be3 Nd7 13.Nd5 Bxd5 14.exd5 e5 15.Qd2 f5
16.f4 Bf6 17.Qb4 Qc7 18.c3 Rac8 19.a5 Nc5 20.Qc4 e4 21.Qa2 Rfe8 22.Red1 h5
23.h4 Qf7 24.Kh2 Qe7 25.Kh3 g6 26.Bf1 Kh7 27.Be2 Qg7 28.Rab1 Re7 29.Qa3 Rec7
30.Rbc1 Qe7 31.Qa2 Qe8 32.Bxc5 Rxc5 33.c4 R5c7 34.b4 Qd7 35.Rc2 Bg7 36.Qa3 Bf8
37.Rdc1 Be7 38.Qb3 Bf8 39.Qa3 Be7 40.Qa2 Bf8 41.Rd1 Kh8 42.Qb3 Kh7 43.Rdc1 Be7
44.Qc3 Bf8 45.Qd4 Bg7 46.Qb6 Bf8 47.Rd1 Kg7 48.Qe3 Kh7 49.Qb3 Kh8 50.Rb1 Kh7
51.Rbc1 Be7 52.Qa2 Bf8 53.Rd2 Kh8 54.Qb3 Kh7 55.Rdc2  1/2-1/2

[Event "Russian Juniors 2012"]
[Site "Sochi RUS"]
[Date "2012.04.20"]
[Round "4"]
[White "Matinian,N"]
[Black "Bukavshin,I"]
[Result "1/2-1/2"]
[WhiteElo "2426"]
[BlackElo "2504"]

1.e4 c5 2.Nf3 e6 3.d4 cxd4 4.Nxd4 Nc6 5.Nc3 Qc7 6.f4 Nxd4 7.Qxd4 a6 8.Be3 b5
9.Bd3 Bb7 10.O-O-O Rc8 11.Kb1 Qc5 12.Rhe1 Qxd4 13.Bxd4 Ne7 14.a4 Nc6 15.Bf2 bxa4
16.Nxa4 Nb4 17.Nb6 Nxd3 18.Rxd3 Rc7 19.b3 Be7 20.Kb2 d6 21.e5 dxe5 22.fxe5 Bxg2
23.Rg3 Bb7 24.Rxg7 Bb4 25.Re3 Bc5 26.Nc4 Kf8 27.Rg1 Bxe3 28.Bxe3 Be4 29.Bh6+ Ke7
30.Bg5+ Kf8 31.Bh6+ Ke7 32.Bg5+ Kf8 33.Bh6+  1/2-1/2

[Event "TCh-CAT 2012"]
[Site "Catalunya ESP"]
[Date "2012.04.21"]
[Round "11.4"]
[White "Sanchez Ibern,M"]
[Black "Cruz,Cr"]
[Result "0-1"]
[WhiteElo "2368"]
[BlackElo "2508"]

1.e4 c5 2.Nf3 e6 3.d4 cxd4 4.Nxd4 Nc6 5.Nc3 Qc7 6.Be3 a6 7.Qd2 Nf6 8.O-O-O Bb4
9.f3 Ne5 10.Nb3 b5 11.Bd4 Be7 12.Qg5 d6 13.Qxg7 Rg8 14.Qh6 b4 15.Nb1 Bd7
16.Qe3 a5 17.Bb6 Nc4 18.Bxc7 Nxe3 19.Rd2 a4 20.Nd4 Nxf1 21.Rxf1 Ra7 22.Bb8 Rb7
23.e5 Rxb8 24.exf6 Bxf6 25.g3 Rc8 26.a3 Rc4 27.Ne2 Ke7 28.axb4 Rxb4 29.c3 Rb6
30.Na3 Rc8 31.Rfd1 Rc5 32.f4 h5 33.h3 Bc8 34.g4 hxg4 35.hxg4 Bb7 36.Nd4 Be4
37.Re1 d5 38.Nac2 Kf8 39.g5 Be7 40.Rg1 a3 41.Nxa3 Rxc3+ 42.Nac2 Rc4 43.b3 Rc3
44.Kb2 Rh3 45.Rf1 Bc5 46.Rfd1 Bd6 47.Rf2 e5 48.fxe5 Bxe5 49.Ka2 Ra6+ 50.Na3 Kg7
51.Nb5 Bd3  0-1

[Event "TCh-CZE Extraliga 2011-12"]
[Site "Czech Republic CZE"]
[Date "2012.04.21"]
[Round "10.4"]
[White "Novotny,M1"]
[Black "Zilka,S"]
[Result "0-1"]
[WhiteElo "2337"]
[BlackElo "2517"]

1.e4 c5 2.Nf3 e6 3.d4 cxd4 4.Nxd4 Nc6 5.Nc3 Qc7 6.Nxc6 dxc6 7.Bc4 Bd6 8.Qg4 Be5
9.f4 h5 10.Qf3 Bd4 11.Be3 Bxe3 12.Qxe3 Nf6 13.O-O Ng4 14.Qc5 Qb6 15.Qxb6 axb6
16.Rae1 Ke7 17.h3 Nf6 18.e5 Nd7 19.Re3 b5 20.Be2 b4 21.Ne4 Rxa2 22.Rb3 c5
23.Rd1 b6 24.Bb5 Ra7 25.c3 bxc3 26.bxc3 Nf8 27.Nd6 Ng6 28.Bc6 Nxf4 29.Rxb6 Ng6
30.Rb8 Rc7 31.Be4 Nxe5 32.Bb7 Bxb7 33.Rxh8 Rd7 34.Rb8 Rxd6 35.Rxb7+ Nd7 36.Ra1 Kf6
37.Rc7 e5 38.Kf2 h4 39.Ra4 g5 40.Kf3 Kf5 41.Raa7 Ke6 42.Rc8 f6 43.Kg4 Rd2
44.Rc6+ Ke7 45.Rxc5 Rxg2+ 46.Kf3 Rd2 47.Ke3 Rd6 48.Rc8 Ke6 49.c4 Nb6 50.Re8+ Kf5
51.c5 Nc4+ 52.Ke2 Rd2+ 53.Ke1 Rc2 54.Rf8 Ne3 55.Ra6 Ng2+ 56.Kf1 Ne3+ 57.Ke1 Nd5
58.c6 Ke4 59.Kd1 Ne3+ 60.Ke1 f5  0-1

[Event "14th Dubai Open 2012"]
[Site "Dubai UAE"]
[Date "2012.04.21"]
[Round "6.9"]
[White "Gopal,G"]
[Black "Mchedlishvili,M"]
[Result "1/2-1/2"]
[WhiteElo "2572"]
[BlackElo "2626"]

1.e4 c5 2.Nf3 e6 3.d4 cxd4 4.Nxd4 Nc6 5.Nc3 Qc7 6.Be3 Nf6 7.Qd2 Bb4 8.f3 Nxd4
9.Qxd4 Bxc3+ 10.bxc3 O-O 11.Qc5 Qb8 12.Bg5 d6 13.Qe3 Nd7 14.Be2 Qc7 15.O-O b6
16.Rfd1 f6 17.Bh4 Ne5 18.Bg3 Nf7 19.a4 e5 20.a5 Be6 21.axb6 axb6 22.Bf2 h6
23.h4 Rfc8 24.Rxa8 Rxa8 25.Qxb6 Qxc3 26.Bd3 Qc8 27.Rb1 Bc4 28.Qb7 Qxb7 29.Rxb7 Bxd3
30.cxd3 Ra1+ 31.Kh2 Rd1 32.Rb8+ Kh7 33.Rb7 Kg8  1/2-1/2

[Event "14th Dubai Open 2012"]
[Site "Dubai UAE"]
[Date "2012.04.21"]
[Round "7.12"]
[White "Petrosian,DG"]
[Black "Van Wely,L"]
[Result "0-1"]
[WhiteElo "2463"]
[BlackElo "2691"]

1.e4 c5 2.Nf3 e6 3.d4 cxd4 4.Nxd4 Nc6 5.Nc3 d6 6.Be3 a6 7.Bc4 Nf6 8.Qe2 Qc7
9.O-O-O Be7 10.Bb3 O-O 11.Rhg1 Na5 12.g4 b5 13.g5 Nxb3+ 14.axb3 Nd7 15.Nf5 exf5
16.Nd5 Qd8 17.exf5 Re8 18.Qf3 Rb8 19.g6 fxg6 20.fxg6 hxg6 21.Nf4 Ne5 22.Qd5+ Kh7
23.Rxg6 Bf6 24.Rg3 Bf5 25.Nh5 Rc8 26.c3 b4 27.Rdg1 bxc3 28.Nxf6+ Qxf6 29.Rxg7+ Kh8
30.bxc3 Rxc3+ 31.Kb2 Nc4+  0-1

[Event "ch-BUL w 2012"]
[Site "Panagyurishte BUL"]
[Date "2012.04.21"]
[Round "2.1"]
[White "Videnova,I"]
[Black "Genova,Ly"]
[Result "1-0"]
[WhiteElo "2301"]
[BlackElo "2259"]

1.e4 c5 2.Nf3 e6 3.d4 cxd4 4.Nxd4 Nc6 5.Nc3 Qc7 6.Be3 a6 7.Qd2 Nf6 8.O-O-O Bb4
9.f3 O-O 10.g4 b5 11.g5 Ne8 12.Nxc6 Qxc6 13.Rg1 d6 14.a3 Bxc3 15.Qxc3 Qxc3
16.bxc3 e5 17.c4 bxc4 18.Bxc4 Be6 19.Be2 Nc7 20.Rxd6 Nb5 21.Rc6 Rfc8 22.Rxc8+ Rxc8
23.a4 Na3 24.Bd3 Nc4 25.Bd2 Bd7 26.a5 Ba4 27.Bc3 Kf8 28.Kd1 g6 29.Ke2 Ke8
30.Ra1 Bb5 31.f4 exf4 32.Kf3 Rc5 33.Kxf4 Rc6 34.e5 Rc8 35.h4 Kd7 36.Rd1 Ke8
37.Ra1 Kd7 38.Bf1 Re8 39.Rd1+ Kc6 40.Bg2+ Kc7 41.Rd5 Kb8 42.Rc5 Rd8 43.Bd5 Na3
44.Bxf7 Rd1 45.e6 Rf1+ 46.Kg3 Kb7 47.e7  1-0

[Event "IV ch-IberoAmerican Final GpB"]
[Site "Quito ECU"]
[Date "2012.04.21"]
[Round "4.2"]
[White "Rodriguez Vila,A"]
[Black "De la Riva Aguado,O"]
[Result "0-1"]
[WhiteElo "2518"]
[BlackElo "2545"]

1.e4 c5 2.Nf3 Nc6 3.d4 cxd4 4.Nxd4 e6 5.Nc3 a6 6.g3 Qc7 7.Bg2 d6 8.O-O Bd7
9.Nxc6 Bxc6 10.Qe2 Be7 11.Bf4 Nf6 12.a4 O-O 13.Rfd1 Rfe8 14.a5 Nd7 15.b3 Rac8
16.Ra2 Bf8 17.Qd2 Ne5 18.Be3 f5 19.f4 Ng4 20.Bb6 Qf7 21.Re1 e5 22.Rf1 fxe4
23.Bxe4 Nf6 24.Bxc6 Rxc6 25.fxe5 dxe5 26.Na4 e4 27.Qe2 Rd6 28.Nb2 Rd5 29.Nc4 Bb4
30.Ra4 Qe7 31.Ne3 Bc5 32.Qc4 Bxe3+ 33.Bxe3 Qe6 34.Rb4 Rc8 35.Qe2 Rxa5 36.Rxb7 Qc6
37.Rxg7+ Kxg7 38.Bd4 Re5 39.Rxf6 Kxf6 40.Qh5 Qe6 41.Qxh7 Qf5 42.Qb7 Rxc2
43.Bxe5+ Qxe5 44.Qxa6+ Kg5 45.h4+ Kg4  0-1

[Event "IV ch-IberoAmerican Final GpD"]
[Site "Quito ECU"]
[Date "2012.04.21"]
[Round "4.3"]
[White "Felgaer,R"]
[Black "Guerra Tulcan,L"]
[Result "1-0"]
[WhiteElo "2564"]
[BlackElo "2421"]

1.e4 c5 2.Nf3 e6 3.d4 cxd4 4.Nxd4 Nc6 5.Nc3 Qc7 6.g3 a6 7.Bg2 Nf6 8.O-O Be7
9.Re1 d6 10.Nxc6 bxc6 11.e5 dxe5 12.Rxe5 Nd7 13.Bf4 Nxe5 14.Bxe5 Qxe5 15.Bxc6+ Kf8
16.Bxa8 g6 17.Qf3 Kg7 18.Rd1 Rd8 19.Rxd8 Bxd8 20.Bb7 Bxb7 21.Qxb7 Qe1+ 22.Kg2 Qd2
23.Ne4 Qd4 24.c3 Qd5 25.Qxd5 exd5 26.Nc5 a5 27.Kf3 Kf6 28.Ke3 Ke5 29.f4+  1-0

[Event "TCh-CZE Extraliga 2011-12"]
[Site "Czech Republic CZE"]
[Date "2012.04.22"]
[Round "11.5"]
[White "Petrik,T"]
[Black "Bulski,K"]
[Result "1/2-1/2"]
[WhiteElo "2522"]
[BlackElo "2507"]

1.e4 c5 2.Nf3 e6 3.d4 cxd4 4.Nxd4 Nc6 5.Nc3 Qc7 6.Be2 a6 7.O-O Nf6 8.Be3 Bb4
9.Na4 O-O 10.Nxc6 bxc6 11.Nb6 Rb8 12.Nxc8 Rfxc8 13.Bxa6 Rf8 14.Bd3 Bd6 15.g3 Be5
16.a4 Bxb2 17.Ra2 Bc3 18.a5 Bxa5 19.Bc5 d6 20.e5 dxc5 21.exf6 g6 22.Qf3 Bc3
23.Bxg6 hxg6 24.Qxc3 Qd6 25.Re1 Rfd8 26.Ra5 Rb5 27.Ra7 Qd4 28.Qa1 Rb2 29.Ra8 Rxa8
30.Qxa8+ Kh7 31.Qf8 Qxf6 32.Qxc5 Qf5 33.Qxf5 exf5  1/2-1/2